000 00938aab a2200193 i 4500
001 768714001
003 CO-MdFUSB
005 20240424075509.0
008 170513s1997 cr ||||| |||| 00| 0 spa d
040 _aCO-MdFUSB
_bspa
_cCO-MdFUSB
_dCO-MdFUSB
041 _aspa
100 1 _aWittig, Randall M.
_eautor
245 _a¡Celebremos!
_c/ Wittig, Randall M.
300 _aVolumen 14, número 2 (enero - marzo, 1997), páginas: 4
_c; 27 cm
520 _aRecientemente, he cuestionado y seguido las prácticas de varias iglesias al celebrar la Navidad y la Pascua. Más de la mitad de las iglesias pasan estos días como todo el mundo, no los aprovechéis para nada. "¿Por qué no creéis que Jesús murió y resucitó?" preguntó el católico. "¿No celebras la Pascua?".
650 7 _aLiturgia
_9206
773 0 _tApuntes Pastorales
_049442
_960174
_gVolumen 14, número 2 (enero - marzo, 1997), páginas: 4
_qpágina: 4
942 _cANA
999 _c56248
_d56248